000 00262nam a22001217a 4500
008 170830b xxu||||| |||| 00| 0 eng d
041 _aeng
080 _23 ED
_a070
100 _a39
101 _aMED
245 _aPUBLIC RELATIONS
_cGUTH.D.W
942 _2udc
_cBK
999 _c25463
_d25463